| 000 | 01385nam a22002657a 4500 | ||
|---|---|---|---|
| 005 | 20150817165403.0 | ||
| 010 | _aENG-113602 | ||
| 020 |
_c950.00 _a0198092385 |
||
| 020 |
_c950.00 _a9780198092384 |
||
| 035 | _aEN-97134 | ||
| 037 | _bDBAD/PUB | ||
| 082 | _a355.68670954 | ||
| 245 |
_aIndia's military modernization : _cedited by Rajesh Basrur, Ajaya Kumar Das [and] Manjeet S. Pardesi _bchallenges and prospects / |
||
| 260 |
_aNew Delhi _bOxford University Press _c2014 |
||
| 270 |
_aYMCA Library Building, 1 Jai Singh Road, _bNew Delhi _e110001 |
||
| 300 |
_axvi,311p. _c23cm(Hb) |
||
| 490 | _a The Oxford international relations in South Asia series | ||
| 500 | _a Includes bibliographical references and index. | ||
| 500 | _aContributed articles. | ||
| 520 | _a India has emerged as a major power in world politics since the end of the Cold War. This book provides an in-depth analysis of India’s response to changing strategic demands with the evolving political framework, the nature of military modernisation, its links to strategy, and the effectiveness of these changes. It discusses whether the needs of the armed forces and the overall strategic approach of policymakers correspond with its modernisation. | ||
| 700 | _aBasrur, Rajesh | ||
| 700 | _aDas, Ajaya Kumar | ||
| 700 | _aPardesi, Manjeet S. | ||
| 942 |
_2ddc _cEN _mIND _h355.68670954 |
||
| 999 |
_c95095 _d95095 |
||